Fundamentals of physics / (Record no. 614673)

000 -LEADER
fixed length control field 00358nam a22001457a 4500
020 ## - INTERNATIONAL STANDARD BOOK NUMBER
Qualifying information PB.
040 ## - CATALOGING SOURCE
Transcribing agency Fizza ishaq
082 ## - DEWEY DECIMAL CLASSIFICATION NUMBER
Classification number 530
Author Mark RES
100 ## - MAIN ENTRY--PERSONAL NAME
Personal name RESNICK,& HALLIDAY.
9 (RLIN) 22881
245 ## - TITLE STATEMENT
Title Fundamentals of physics /
Statement of responsibility, etc. HALLIDAY & RESNICK.
250 ## - EDITION STATEMENT
Edition statement 9th ED.
260 ## - PUBLICATION, DISTRIBUTION, ETC.
Place of publication, distribution, etc. USA ;
Name of publisher, distributor, etc. JOHN WILEY & SONS,
Date of publication, distribution, etc. 2011.
300 ## - PHYSICAL DESCRIPTION
Extent 560 P. :
942 ## - ADDED ENTRY ELEMENTS (KOHA)
Source of classification or shelving scheme
Koha item type Book
Holdings
Withdrawn status Lost status Source of classification or shelving scheme Damaged status Not for loan Permanent Location Current Location Date acquired Total Checkouts Full call number Date last seen Price effective from Koha item type
          NUST Baluchistan Campus (NBC) NUST Baluchistan Campus (NBC) 09/18/2025   530 RES 09/18/2025 09/18/2025 Book
          NUST Baluchistan Campus (NBC) NUST Baluchistan Campus (NBC) 09/18/2025   530 RES 09/18/2025 09/18/2025 Book
© 2023 Central Library, National University of Sciences and Technology. All Rights Reserved.